000 00946nam a22002777a 4500
001 22202
005 20260409122350.0
008 260408b |||||||| |||| 00| 0 spa d
022 _a2313268X
041 _aESP
082 _aHR 344 MAR 2026
_bAP
100 _a,
110 _aInstituto Pacífico
245 _aActualidad penal :
_brevista de derecho penal, procesal penal, penitenciario y criminología
250 _aPrimera edición
260 _aLima :
_bInstituto Pacífico,
_c2026
300 _a316 páginas :
_bilustraciones ;
_c25 cm.
440 _a ;
500 _aNúmero 141, Marzo 2026
650 _aCIS
653 _aDerecho - Revista
654 _aCDE
700 _a;
856 _uhttps://0u214vrr0-y-https-app-vlex-com.itmsp.museknowledge.com/search/jurisdiction:PE/revista+de+derecho+penal%2C+procesal+penal%2C+penitenciario+y+criminolog%C3%ADa
_zVéase además: Base de datos Vlex
942 _cREV
_dJUS
_fMIP
_n0
_2ddc
999 _c22202
_d22202